20 Countries with the Most Ethnic Diversity - Statistics

General Stats
  • This quiz has been taken 271 times
  • The average score is 10 of 20
Answer Stats
Rank Fractionalization Answer % Correct
17 0.811 India
87%
8 0.880 South Africa
77%
3 0.933 Democratic Republic of the Congo
75%
18 0.805 Nigeria
73%
12 0.852 Kenya
63%
9 0.878 Congo
60%
1 1.000 Papua New Guinea
59%
2 0.953 Tanzania
57%
4 0.930 Uganda
53%
20 0.791 Central African Republic
51%
13 0.846 Ghana
50%
6 0.887 Cameroon
49%
16 0.812 Somalia
44%
10 0.861 Madagascar
41%
11 0.857 Gabon
40%
7 0.883 Togo
38%
14 0.829 Malawi
36%
5 0.899 Liberia
32%
15 0.818 Guinea-Bissau
28%
19 0.801 Yugoslavia
7%
No matching quizzes found
Score Distribution
Percent of People with Each Score
Percentile by Number Answered
Your Score History
You have not taken this quiz